Cartilla moral / (Registro nro. 15558)
[ vista simple ]
| 000 -LEADER | |
|---|---|
| fixed length control field | 01059nam a22002657a 4500 |
| 003 - CONTROL NUMBER IDENTIFIER | |
| control field | OSt |
| 005 - DATE AND TIME OF LATEST TRANSACTION | |
| control field | 20210730150224.0 |
| 008 - FIXED-LENGTH DATA ELEMENTS--GENERAL INFORMATION | |
| fixed length control field | 210730t2010 ck ||||gr|||| 00| 0dspa d |
| 020 ## - INTERNATIONAL STANDARD BOOK NUMBER | |
| International Standard Book Number | 9789588471341 |
| 040 ## - CATALOGING SOURCE | |
| Original cataloging agency | CO-JMCR |
| Transcribing agency | CO-JMCR |
| 041 0# - LANGUAGE CODE | |
| Language code of text/sound track or separate title | spa |
| 082 04 - DEWEY DECIMAL CLASSIFICATION NUMBER | |
| Classification number | 170 / |
| Item number | R457c |
| Edition number | 23 |
| 100 1# - MAIN ENTRY--PERSONAL NAME | |
| Personal name | Reyes, Alfonso, |
| Relator term | autor |
| 9 (RLIN) | 31850 |
| 245 10 - TITLE STATEMENT | |
| Title | Cartilla moral / |
| Statement of responsibility, etc. | Alfonso Reyes ; nota introductoria de Julio Paredes Castro |
| 260 ## - PUBLICATION, DISTRIBUTION, ETC. | |
| Place of publication, distribution, etc. | Bogotá : |
| Name of publisher, distributor, etc. | Alcaldía Mayor de Bogotá : |
| -- | Secretaría Distrital de Cultura, Recreación y Deporte : |
| -- | Fundación Gilberto Alzate Avendaño, |
| Date of publication, distribution, etc. | ©2010 |
| 300 ## - PHYSICAL DESCRIPTION | |
| Extent | 82 páginas ; |
| Dimensions | 17 cm. |
| 490 0# - SERIES STATEMENT | |
| Series statement | Libro al viento ; |
| Volume/sequential designation | 69 |
| 500 ## - GENERAL NOTE | |
| General note | Incluye datos biográficos del autor. |
| 505 0# - FORMATTED CONTENTS NOTE | |
| Formatted contents note | Mi idea de la historia -- Lo mexicano y lo universal |
| 650 14 - SUBJECT ADDED ENTRY--TOPICAL TERM | |
| Topical term or geographic name entry element | Ética |
| Form subdivision | Ensayos, conferencias, etc. |
| 9 (RLIN) | 38935 |
| 650 24 - SUBJECT ADDED ENTRY--TOPICAL TERM | |
| Topical term or geographic name entry element | Antropología |
| Form subdivision | Ensayos, conferencias, etc. |
| 9 (RLIN) | 38936 |
| 650 24 - SUBJECT ADDED ENTRY--TOPICAL TERM | |
| Topical term or geographic name entry element | Sociología |
| Form subdivision | Ensayos, conferencias, etc. |
| 9 (RLIN) | 38937 |
| 700 1# - ADDED ENTRY--PERSONAL NAME | |
| Personal name | Paredes Castro, Julio, |
| Relator term | autor introductor |
| 9 (RLIN) | 14038 |
| 942 ## - ADDED ENTRY ELEMENTS (KOHA) | |
| Source of classification or shelving scheme | Dewey Decimal Classification |
| Koha item type | Books |
| Withdrawn status | Lost status | Source of classification or shelving scheme | Damaged status | Not for loan | Collection code | Home library | Current library | Date acquired | Source of acquisition | Total Checkouts | Full call number | Barcode | Date last seen | Copy number | Price effective from | Koha item type |
|---|---|---|---|---|---|---|---|---|---|---|---|---|---|---|---|---|
| Dewey Decimal Classification | Non-fiction | Biblioteca Pública José María del Castillo y Rada | Biblioteca Pública José María del Castillo y Rada | 07/15/2021 | Donación | 170 / R457c | 201811050 | 07/30/2021 | Ej.1 | 07/30/2021 | Books | |||||
| Dewey Decimal Classification | Non-fiction | Biblioteca Pública José María del Castillo y Rada | Biblioteca Pública José María del Castillo y Rada | 07/15/2021 | Donación | 170 / R457c | 201811366 | 11/17/2021 | Ej.2 | 07/30/2021 | Books |